The new international Webster's comprehensive dictionary of the english language (Record no. 16911)
[ view plain ]
| 000 -LEADER | |
|---|---|
| fixed length control field | 00513nam a22001577a 4500 |
| 008 - FIXED-LENGTH DATA ELEMENTS--GENERAL INFORMATION | |
| fixed length control field | 180705b xxu||||| |||| 00| 0 eng d |
| 020 ## - INTERNATIONAL STANDARD BOOK NUMBER | |
| International Standard Book Number | 1600815447 |
| 040 ## - CATALOGING SOURCE | |
| Original cataloging agency | KABU |
| Transcribing agency | KABU |
| 050 ## - LIBRARY OF CONGRESS CALL NUMBER | |
| Classification number | PE1628 |
| Item number | .N49 2013 c. 1 |
| 245 ## - TITLE STATEMENT | |
| Title | The new international Webster's comprehensive dictionary of the english language |
| 250 ## - EDITION STATEMENT | |
| Edition statement | Encyclopedic ed. |
| 260 ## - PUBLICATION, DISTRIBUTION, ETC. (IMPRINT) | |
| Place of publication, distribution, etc. | USA |
| Name of publisher, distributor, etc. | Standard International Media Holdings |
| 300 ## - PHYSICAL DESCRIPTION | |
| Extent | xxii, 1674 p. |
| 650 ## - SUBJECT ADDED ENTRY--TOPICAL TERM | |
| Topical term or geographic name as entry element | English language |
| Form subdivision | Dictionaries |
| 942 ## - ADDED ENTRY ELEMENTS (KOHA) | |
| Source of classification or shelving scheme | Library of Congress Classification |
| Koha item type | Reference |
| Classification part | PE1628 |
| Call number prefix | REF |
| Withdrawn status | Lost status | Source of classification or shelving scheme | Not for loan | Home library | Current library | Shelving location | Date acquired | Cost, normal purchase price | Total Checkouts | Full call number | Barcode | Date last seen | Copy number | Price effective from | Koha item type |
|---|---|---|---|---|---|---|---|---|---|---|---|---|---|---|---|
| Library of Congress Classification | Kabarak, Main Campus | Kabarak, Main Campus | General Stacks | 05/07/2018 | 6000.00 | PE1628 .N49 2013 c. 1 | 025412 | 05/07/2018 | c. 1 | 05/07/2018 | Reference | ||||
| Library of Congress Classification | Kabarak, Main Campus | Kabarak, Main Campus | General Stacks | 05/07/2018 | 6000.00 | PE1628 .N49 2013 c. 2 | 025413 | 05/07/2018 | c. 2 | 05/07/2018 | Reference | ||||
| Library of Congress Classification | Kabarak, Main Campus | Kabarak, Main Campus | General Stacks | 05/07/2018 | 6000.00 | PE1628 .N49 2013 c. 3 | 025414 | 05/07/2018 | c. 3 | 05/07/2018 | Reference | ||||
| Library of Congress Classification | Kabarak, Nakuru City Campus | Kabarak, Nakuru City Campus | General Stacks | 05/07/2018 | 6000.00 | PE1628 .N49 2013 c. 1 | 025415 | 05/07/2018 | c. 1 | 05/07/2018 | Reference | ||||
| Library of Congress Classification | Kabarak, Nakuru City Campus | Kabarak, Nakuru City Campus | General Stacks | 05/07/2018 | 6000.00 | PE1628 .N49 2013 c. 2 | 025416 | 05/07/2018 | c. 2 | 05/07/2018 | Reference |